| 000 | 00000nam##2200000za#4500 |
| 001 | 9.618890 |
| 003 | CaOODSP |
| 005 | 20210615103117 |
| 007 | ta |
| 008 | 150406|2007||||xxc||||| f|0| 0 eng|d |
| 022 | |a0706-6473 |
| 040 | |aCaOODSP|beng |
| 043 | |an-cn--- |
| 086 | 1 |aFs97-4/2832E |
| 110 | 1 |aCanada. |bDepartment of Fisheries and Oceans. |
| 245 | 12|aA database for Pacific herring tagged and recovered in British Columbia from 1999 to 2006 using coded wire tag technology / |cby L. Flostrand, J.F. Schweigert, and K. Daniel. |
| 260 | |aNanaimo - British Columbia : |bFisheries and Oceans Canada |c2007. |
| 300 | |av, 28p. : |bfigs., tables, photographs ; |c28 cm. |
| 490 | 1 |aCanadian manuscript report of fisheries and aquatic sciences|x0706-6473|v2832 |
| 500 | |a"Fisheries and Oceans Canada, Science Branch, Pacific Region, Pacific Biological Station, Nanaimo, British Columbia, V9T 6N7." |
| 520 | 3 |aThe aim of the study was to collect information to investigate trends in inter-annual spawning ground utilization and migration intensity. This paper describes the tag release and recovery sampling components of the study and the organization of the tagging study records. |
| 546 | |a(Résumé en français.) |
| 563 | |aSoftcover |
| 590 | |a08-26|b2008-06-27 |
| 690 | 07|aSalt water fish|2gcpds |
| 690 | 07|aWestern provinces|2gcpds |
| 720 | 1 |aDaniel, K. |
| 720 | 1 |aFlostrand, L |
| 720 | 1 |aSchweigert, J. F. |
| 776 | 0#|tA database for Pacific herring tagged and recovered in British Columbia from 1999 to 2006 using coded wire tag technology / |w(CaOODSP)9.580127 |
| 830 | #0|aCanadian manuscript report of fisheries and aquatic sciences,|x0706-6473|v2832|w(CaOODSP)9.514688 |